00448nam a22001457a 450000500170000000800410001702000180005804000330007608200290010910000170013824500600015526000490021530000150026465000230027920260509131013.0260509b |||||||| |||| 00| 0 eng d a9789372123104 aSGVU Library cSGVU Library  222a630.208 563bSUJ A  aSunil Jhade  aAgri- Informatics and Artificial IntelligencehEnglish  aNew Delhi , India bKalyani Publishersc2026 a22.8pbPB  aAgricultureyG4765